Designing better buildings (Record no. 103283)

MARC details
000 -LEADER
fixed length control field 01769cam a2200505 4500
008 - FIXED-LENGTH DATA ELEMENTS--GENERAL INFORMATION
fixed length control field 040112n2004 000 0 eng u
020 ## - INTERNATIONAL STANDARD BOOK NUMBER
International Standard Book Number 0415315263
035 ## - SYSTEM CONTROL NUMBER
System control number (Sirsi) u124823
041 ## - LANGUAGE CODE
Language code of text/sound track or separate title eng
050 ## - LIBRARY OF CONGRESS CALL NUMBER
Classification number 721
-- 218
245 ## - TITLE STATEMENT
Title Designing better buildings
Remainder of title quality and value in the built environment
260 ## - PUBLICATION, DISTRIBUTION, ETC.
Place of publication, distribution, etc. London
Name of publisher, distributor, etc. Spon
Date of publication, distribution, etc. 2004
300 ## - PHYSICAL DESCRIPTION
Extent xx, 220p.
Dimensions 28cm.
350 ## - PRICE (NR) (BK AM CF MU VM SE) [OBSOLETE]
Price 32
520 ## - SUMMARY, ETC.
Summary, etc. This illustrated book written by practitioners, clients, academics and other experts presents the latest thinking on what design quality is and how it can be achieved. Summarises the benefits that arise from good design with the benefits illustrated through case study examples. Part one describes the perspective of clients and what they expect from design, with part two presenting case studies. Part three examines the processes necessary to achieve design quality, whilst part four discusses the issue of measuring design quality.
650 ## - SUBJECT ADDED ENTRY--TOPICAL TERM
Topical term or geographic name entry element ARCHITECTURE
650 ## - SUBJECT ADDED ENTRY--TOPICAL TERM
Topical term or geographic name entry element DESIGN
650 ## - SUBJECT ADDED ENTRY--TOPICAL TERM
Topical term or geographic name entry element DESIGN PRINCIPLES
650 ## - SUBJECT ADDED ENTRY--TOPICAL TERM
Topical term or geographic name entry element DESIGN QUALITY
690 ## - LOCAL SUBJECT ADDED ENTRY--TOPICAL TERM (OCLC, RLIN)
Topical term or geographic name as entry element BUILT ENVIRONMENT-CONSTRUCTION DESIGN
700 ## - ADDED ENTRY--PERSONAL NAME
Personal name Macmillan, Sebastian
700 ## - ADDED ENTRY--PERSONAL NAME
Personal name Bordass, B.
700 ## - ADDED ENTRY--PERSONAL NAME
Personal name Carmona, M.
700 ## - ADDED ENTRY--PERSONAL NAME
Personal name Dickson, M.
700 ## - ADDED ENTRY--PERSONAL NAME
Personal name Evans, R.
700 ## - ADDED ENTRY--PERSONAL NAME
Personal name Feilden, R.
700 ## - ADDED ENTRY--PERSONAL NAME
Personal name Francis, S.
700 ## - ADDED ENTRY--PERSONAL NAME
Personal name Gann, D.
700 ## - ADDED ENTRY--PERSONAL NAME
Personal name Haryott, R.
700 ## - ADDED ENTRY--PERSONAL NAME
Personal name Haste, R
700 ## - ADDED ENTRY--PERSONAL NAME
Personal name Jones, A.
700 ## - ADDED ENTRY--PERSONAL NAME
Personal name Lawson, B.
700 ## - ADDED ENTRY--PERSONAL NAME
Personal name Leaman, A.
700 ## - ADDED ENTRY--PERSONAL NAME
Personal name Oliver, G.
700 ## - ADDED ENTRY--PERSONAL NAME
Personal name Pollington, T.
700 ## - ADDED ENTRY--PERSONAL NAME
Personal name Prasad, S.
700 ## - ADDED ENTRY--PERSONAL NAME
Personal name Robinson, D.
700 ## - ADDED ENTRY--PERSONAL NAME
Personal name Rouse, J.
700 ## - ADDED ENTRY--PERSONAL NAME
Personal name Salter, A.
700 ## - ADDED ENTRY--PERSONAL NAME
Personal name Trebilcock, P.
700 ## - ADDED ENTRY--PERSONAL NAME
Personal name Wheeler, P.
700 ## - ADDED ENTRY--PERSONAL NAME
Personal name Whyte, J.
700 ## - ADDED ENTRY--PERSONAL NAME
Personal name Wyatt, T.
942 ## - ADDED ENTRY ELEMENTS (KOHA)
Suppress in OPAC 0
Holdings
Withdrawn status Lost status Source of classification or shelving scheme Damaged status Not for loan Home library Current library Shelving location Date acquired Cost, normal purchase price Total Checkouts Full call number Barcode Date last seen Date last checked out Copy number Cost, replacement price Price effective from Koha item type
    Dewey Decimal Classification     London London Books 18/02/2004 32.00 11 721 MAC 30068660 06/08/2019 22/04/2009 1 32.00 06/08/2019 Book